000 01133nam a2200265Mi 4500
001 bookofeve00bere
003 CaSfIA
005 20210117221251.0
007 cr||||
008 020211s1975 nyu 000 0 eng d
040 _aGyGoGBV
_erakwb
_bger
_cGBVCP
_dCaSfIA
020 _a0380004860
020 _a9780380004867
035 _a(OCoLC)248797137
100 1 _aBeresford-Howe, Constance.
245 1 4 _aThe book of Eve /
_h[electronic resource]
_cConstance Beresford-Howe.
250 _a1. Avon printing.
260 _aNew York :
_bAvon,
_c1975.
300 _a191 S.
856 4 1 _uhttp://www.archive.org/details/bookofeve00bere
_zFree eBook from the Internet Archive
856 4 2 _uhttp://www.openlibrary.org/books/OL21333808M
_zAdditional information and access via Open Library
942 _cEB
506 _fНеобхідна авторизація на https://archive.org/ (створення облікового запису безкоштовно)
506 _fНеобхідна авторизація на https://openlibrary.org/ (створення облікового запису безкоштовно)
999 _c475673
_d475673